Duplas Sertanejas - Statistics

Estatísticas Gerais
  • Esse quiz foi jogado 383 vezes
  • A pontuação média é 12 de 20
Estatísticas das Respostas
Música Dupla % Correto
Evidências Chitãozinho & Xororó
91%
Dormi na Praça Bruno & Marrone
88%
Medo Bobo Maiara & Maraisa
87%
Borboletas Victor & Leo
83%
Regime Fechado Simone & Simaria
74%
Não Aprendi Dizer Adeus Leandro & Leonardo
73%
Enquanto Houver Razões Jorge & Mateus
66%
Madrid Fernando & Sorocaba
63%
Ciumenta César Menotti & Fabiano
59%
Dois Corações e Uma História Zezé Di Camargo & Luciano
57%
Ela É Demais Rick & Renner
56%
Estou Apaixonado João Paulo & Daniel
55%
Estrada da Vida Milionário & José Rico
55%
Na Sola da Bota Rionegro & Solimões
53%
Galera Coração Edson & Hudson
40%
O Grande Amor da Minha Vida Gian & Giovani
40%
Falando Sério João Bosco & Vinícius
32%
Vestido de Seda Teodoro & Sampaio
30%
Chovendo Estrelas Guilherme & Santiago
28%
Por Te Amar Assim Marlon & Maicon
22%
Nenhum quiz correspondente encontrado
Distribuição das Pontuações
Porcentagem de Pessoas com Cada Pontuação
Percentil de Números Respondidos
Sua Pontuação Histórica
Você não jogou esse quiz